MARC details
| 000 -LEADER |
| fixed length control field |
05448cam a22004574a 4500 |
| 001 - CONTROL NUMBER |
| control field |
14167176 |
| 003 - CONTROL NUMBER IDENTIFIER |
| control field |
EG-ScBUE |
| 005 - DATE AND TIME OF LATEST TRANSACTION |
| control field |
20210621124418.0 |
| 008 - FIXED-LENGTH DATA ELEMENTS--GENERAL INFORMATION |
| fixed length control field |
051108s2007 mauaf f b 001 0 eng d |
| 020 ## - INTERNATIONAL STANDARD BOOK NUMBER |
| International Standard Book Number |
1405133554 (hardback : alk. paper) |
| 020 ## - INTERNATIONAL STANDARD BOOK NUMBER |
| International Standard Book Number |
9781405133555 (hardback : alk. paper) |
| 035 ## - SYSTEM CONTROL NUMBER |
| System control number |
(OCoLC)ocm62290537 |
| 035 ## - SYSTEM CONTROL NUMBER |
| System control number |
(OCoLC)62290537 |
| 040 ## - CATALOGING SOURCE |
| Original cataloging agency |
DNLM/DLC |
| Language of cataloging |
eng |
| Description conventions |
rda |
| Transcribing agency |
DLC |
| Modifying agency |
NLM |
| -- |
BAKER |
| -- |
BTCTA |
| -- |
C#P |
| -- |
YDXCP |
| -- |
MUQ |
| -- |
DLC |
| -- |
EG-ScBUE |
| 082 04 - DEWEY DECIMAL CLASSIFICATION NUMBER |
| Classification number |
618 |
| Item number |
DEW |
| Edition number |
22 |
| 245 00 - TITLE STATEMENT |
| Title |
Dewhurst's textbook of obstetrics & gynaecology / |
| Statement of responsibility, etc |
edited by D. Keith Edmonds, consultant obstetrician and gynaecologist, Queen Charlotte's and Chelsea Hospital, Goldhawk Road, London, UK. |
| 246 3# - VARYING FORM OF TITLE |
| Title proper/short title |
Dewhurst's textbook of obstetrics and gynaecology |
| 246 30 - VARYING FORM OF TITLE |
| Title proper/short title |
Textbook of obstetrics and gynaecology |
| 250 ## - EDITION STATEMENT |
| Edition statement |
Seventh edition, |
| Remainder of edition statement |
international edition. |
| 264 #1 - PUBLICATION, DISTRIBUTION, ETC. (IMPRINT) |
| Place of publication, distribution, etc |
Maiden, Massachusetts : |
| Name of publisher, distributor, etc |
Blackwell Publishing, |
| Date of publication, distribution, etc |
2007. |
| 300 ## - PHYSICAL DESCRIPTION |
| Extent |
xiii, 717 pages, [15] pages of plates : |
| Other physical details |
illustrations (some colpor) ; |
| Dimensions |
29 cm |
| 336 ## - CONTENT TYPE |
| Source |
rdacontent |
| Content type term |
text |
| Content type code |
txt |
| 337 ## - MEDIA TYPE |
| Source |
rdamedia |
| Media type term |
unmediated |
| Media type code |
n |
| 338 ## - CARRIER TYPE |
| Source |
rdacarrier |
| Carrier type term |
volume |
| Carrier type code |
nc |
| 500 ## - GENERAL NOTE |
| General note |
Rev. ed. of: Dewhurst's textbook of obstetrics and gynaecology for postgraduates. 6th ed. 1999. |
| 504 ## - BIBLIOGRAPHY, ETC. NOTE |
| Bibliography, etc |
Includes bibliographical references and index. |
| 505 0# - FORMATTED CONTENTS NOTE |
| Formatted contents note |
Clinical anatomy of the pelvis and reproductive tract / Alan Farthing -- Maternal physiology / Fiona Broughton-Pipkin -- The placenta and fetal membranes / Berthold Huppertz and John C.P. Kingdom -- Normal fetal growth / Jason Gardosi -- Pre-conception counselling / Andrew McCarthy -- Antenatal care / Timothy G. Overton -- Normal labour / A.A. Calder -- Fetal monitoring during labour / James A. Low -- Analgesia and anaesthesia / John A. Crowhurst -- Puerperium and lactation / D. Keith Edmonds -- Neonatal care for obstetricians / M.A. Thomson and A.D. Edwards -- Spontaneous miscarriage / Joanne Topping and Roy G. Farquarson -- Recurrent miscarriage / Raj Rai -- Ectopic pregnancy / Davor Jurkovic -- Trophoblast disease / Philip Savage and Michael Seckl -- Prenatal diagnosis and genetics / Sailesh Kumar -- Fetal medicine in clinical practice / R.C. Wimalasundera -- Obstetric emergencies / Sara Paterson-Brown -- Disorders of fetal growth and assessment of fetal well-being / G.C.S. Smith and C.C. Lees -- Multiple pregnancy / Nicholas M. Fisk -- Preterm labour / Philip Bennett -- Prolonged pregnancy / Patricia Crowley -- Induction and augmentation of labour / G. Justus Hofmeyr -- Malpresentation, malposition, cephalopelvic disproportion and obstetric procedures / S. Arulkumaran -- Hypertensive disorders / Andrew Shennan -- Heart disease in pregnancy / Catherine Nelson-Piercy -- Diabetes and endocrine disease in pregnancy / Anne Dornhorst and Catherine Williamson -- Renal disease / John Davison -- Haematological problems in pregnancy / P. Clark, A.J. Thomson and I.A. Greer -- Miscellaneous medical disorders / Andrew McCarthy -- Obstetric statistics / Jim G. Thornton -- Contraception / Anna Glasier -- Termination of pregnancy / Gillian Flett and Allen Templeton -- Normal and abnormal development of the genital tract / D. Keith Edmonds -- The menstrual cycle / William L. Ledger -- The role of ultrasound in gynaecology / Joanne Topping -- Gynaecological disorders of childhood and adolescence / D. Keith Edmonds -- Primary amenorrhoea / D. Keith Edmonds -- Polycystic ovarian syndrome and secondary amenorrhoea / Adam H. Balen -- Menstrual problems: menorrhagia and primary dysmenorrhoea / Margaret C.P. Rees -- Premenstrual syndrome / P.M.S. O'Brien -- Pelvic infection / Jonathan D.C. Ross and Peter Stewart -- Chronic pelvic pain / R. William Stones -- Endometriosis / Stephen Kennedy and Philippe Koninckx -- Infertility / Siladitya Bhattacharya -- Assisted reproduction / Geoffrey Trew -- Menopause and the postmenopausal woman / Nick Panay -- Pelvic floor dysfunction I: uterovaginal prolapse / Anthony R.B. Smith -- Urninary incontinence / D. Robinson and L. Cardozo -- Hysteroscopy and laparoscopy / Adam Magos -- Benign disease of the vulva / Richard Staughton -- Malignant disease of the vulva and vagina / David M. Luesley -- Benign diseases of the vagina, cervix and ovary / D. Keith Edmonds -- Premalignant and malignant disease of the cervix / Mahmood I. Shafi -- Epithelial ovarian cancer / Hani Gabra -- Benign disease of the uterus / Mary Ann Lumsden -- Cancer of the uterine corpus / Henry C. Kitchener -- Sexual dysfunction / Fran Reader -- Ethical dilemmas in obstetrics and gynaecology / Gordon M. Stirrat -- The law and the obstetrician and gynaecologist / Bertie Leigh -- Domestic violence and sexual assault / Maureen Dalton. |
| 650 #7 - SUBJECT ADDED ENTRY--TOPICAL TERM |
| Topical term or geographic name as entry element |
Gynecology. |
| Source of heading or term |
BUEsh |
| 650 #7 - SUBJECT ADDED ENTRY--TOPICAL TERM |
| Topical term or geographic name as entry element |
Obstetrics. |
| Source of heading or term |
BUEsh |
| 653 ## - INDEX TERM--UNCONTROLLED |
| Resource For college |
Generalities |
| Arrived date list |
June2021 |
| 655 ## - INDEX TERM--GENRE/FORM |
| Form subdivision |
Reading book |
| 9 (RLIN) |
34232 |
| 700 1# - ADDED ENTRY--PERSONAL NAME |
| Personal name |
Edmonds, D. Keith, |
| Relator term |
editor. |
| 700 1# - ADDED ENTRY--PERSONAL NAME |
| Personal name |
Dewhurst, John, |
| Titles and other words associated with a name |
Sir, |
| Dates associated with a name |
1920- |
| Relator term |
editor. |
| 730 0# - ADDED ENTRY--UNIFORM TITLE |
| Uniform title |
Dewhurst's textbook of obstetrics and gynaecology for postgraduates. |
| 856 41 - ELECTRONIC LOCATION AND ACCESS |
| Materials specified |
Table of contents only |
| Uniform Resource Identifier |
<a href="http://www.loc.gov/catdir/toc/ecip063/2005032517.html">http://www.loc.gov/catdir/toc/ecip063/2005032517.html</a> |
| 856 42 - ELECTRONIC LOCATION AND ACCESS |
| Materials specified |
Contributor biographical information |
| Uniform Resource Identifier |
<a href="http://www.loc.gov/catdir/enhancements/fy0827/2005032517-b.html">http://www.loc.gov/catdir/enhancements/fy0827/2005032517-b.html</a> |
| 856 42 - ELECTRONIC LOCATION AND ACCESS |
| Materials specified |
Publisher description |
| Uniform Resource Identifier |
<a href="http://www.loc.gov/catdir/enhancements/fy0827/2005032517-d.html">http://www.loc.gov/catdir/enhancements/fy0827/2005032517-d.html</a> |
| 906 ## - LOCAL DATA ELEMENT F, LDF (RLIN) |
| a |
7 |
| b |
cbc |
| c |
orignew |
| d |
1 |
| e |
ecip |
| f |
20 |
| g |
y-gencatlg |
| 942 ## - ADDED ENTRY ELEMENTS (KOHA) |
| Source of classification or shelving scheme |
Dewey Decimal Classification |
| Koha item type |
Book - Borrowing |